| Tag |
First Indicator |
Second Indicator |
Subfields |
| LEADER |
00000cas a2200000 a 4500 |
| 001 |
in00003402626 |
| 005 |
20151206081115.0 |
| 008 |
760414d19241946ilumn p 0 a0eng |
| 010 |
|
|
|a 87658047
|z sn 86013920
|
| 016 |
7 |
|
|a 798533-2
|2 DE-600
|
| 016 |
7 |
|
|a 007850072
|2 Uk
|
| 019 |
|
|
|a 2260726
|
| 022 |
0 |
|
|a 0888-1030
|l 0888-1030
|2 1
|
| 029 |
1 |
|
|a NZ1
|b 4772282
|
| 029 |
1 |
|
|a AU@
|b 000004617720
|
| 029 |
1 |
|
|a DEBBG
|b BV004927051
|
| 035 |
|
|
|a (OCoLC)ocm02111960
|
| 035 |
|
|
|a (OCoLC)2111960
|z (OCoLC)2260726
|
| 040 |
|
|
|a DLC
|b eng
|c KSU
|d PIT
|d OCL
|d NYG
|d IUL
|d NSD
|d DLC
|d NST
|d DLC
|d NST
|d HUL
|d OCLCQ
|d DEBBG
|d CDS
|d UKMGB
|d EYM
|d DLC
|d UtOrBLW
|
| 042 |
|
|
|a nsdp
|a pcc
|
| 049 |
|
|
|a TXAM
|
| 050 |
0 |
0 |
|a LB1576.A1
|b E6
|
| 082 |
0 |
0 |
|a 372.6/05
|2 20
|
| 210 |
0 |
|
|a Elem. Engl. rev.
|
| 222 |
|
4 |
|a The Elementary English review
|
| 245 |
0 |
4 |
|a The Elementary English review.
|
| 264 |
|
1 |
|a Detroit, Mich. :
|b Elementary English Review,
|c ©1924-©1946.
|
| 300 |
|
|
|a 23 volumes :
|b illustrations ;
|c 26 cm.
|
| 310 |
|
|
|a Monthly (Oct.-May),
|b Oct. 1935-1946
|
| 321 |
|
|
|a Monthly (except July and Aug.),
|b 1924-June 1935
|
| 336 |
|
|
|a text
|b txt
|2 rdacontent
|
| 337 |
|
|
|a unmediated
|b n
|2 rdamedia
|
| 338 |
|
|
|a volume
|b nc
|2 rdacarrier
|
| 362 |
0 |
|
|a Vol. 1, no. 1 (Mar. 1924)-[v. 23, no. 8] (Dec. 1946).
|
| 500 |
|
|
|a Title from cover.
|
| 500 |
|
|
|a Published: Detroit, Mich. : Elementary English Review, 1924-<1925>; Chicago, Ill. : National Council of Teachers of English, -1946.
|
| 550 |
|
|
|a An official organ of the National Council of Teachers of English, Sept. 1929-1946.
|
| 555 |
|
|
|a Annoted index: 1924-1976. (Includes index to the journal under its later title.) 1 v.
|
| 650 |
|
0 |
|a English language
|v Periodicals.
|
| 650 |
|
0 |
|a English literature
|x Study and teaching
|v Periodicals.
|
| 650 |
|
0 |
|a English language
|x Study and teaching
|v Periodicals.
|
| 650 |
|
0 |
|a Children's literature
|v Bibliography
|v Periodicals.
|
| 650 |
|
0 |
|a Activity programs in education
|v Periodicals.
|
| 710 |
2 |
|
|a National Council of Teachers of English.
|
| 776 |
0 |
8 |
|i Online version:
|t Elementary English review
|x 2327-6134
|w (DLC) 2013202533
|w (OCoLC)609858894
|
| 785 |
0 |
0 |
|t Elementary English
|x 0013-5968
|w (DLC) 26017799
|w (OCoLC)6429111
|
| 850 |
|
|
|a DLC
|a KMK
|a MH-Ed
|a NcD
|a NjR
|a ViW
|
| 948 |
|
|
|a cataloged
|b h
|c 2013/8/15
|d c
|e spoltoratski
|f 5:06:09 pm
|g sc
|
| 994 |
|
|
|a C0
|b TXA
|
| 999 |
|
|
|a MARS
|
| 999 |
f |
f |
|s e4d74aa4-8702-33df-bfff-e9d9fc024f42
|i d29870b7-c036-3d78-9b6a-e3cc038ac0db
|t 0
|
| 952 |
f |
f |
|p ric
|a Texas A&M University
|b Rellis Campus
|c Joint Library Facility
|d Remote Storage
|t 0
|e LB1576.A1 E6
|h Library of Congress classification
|i unmediated -- volume
|k v.1-2
|l 1924-1925
|m A14813950936
|
| 952 |
f |
f |
|p ric
|a Texas A&M University
|b Rellis Campus
|c Joint Library Facility
|d Remote Storage
|t 0
|e LB1576.A1 E6
|h Library of Congress classification
|i unmediated -- volume
|k v.9-10
|l 1932-1933
|m A14838889419
|
| 952 |
f |
f |
|p ric
|a Texas A&M University
|b Rellis Campus
|c Joint Library Facility
|d Remote Storage
|t 0
|e LB1576.A1 E6
|h Library of Congress classification
|i unmediated -- volume
|k v.3-4
|l 1926-1927
|m A14838889532
|
| 952 |
f |
f |
|p ric
|a Texas A&M University
|b Rellis Campus
|c Joint Library Facility
|d Remote Storage
|t 0
|e LB1576.A1 E6
|h Library of Congress classification
|i unmediated -- volume
|k v.15-16
|l 1938-1939
|m A14838889299
|
| 952 |
f |
f |
|p ric
|a Texas A&M University
|b Rellis Campus
|c Joint Library Facility
|d Remote Storage
|t 0
|e LB1576.A1 E6
|h Library of Congress classification
|i unmediated -- volume
|k v.7-8
|l 1930-1931
|m A14838889451
|
| 952 |
f |
f |
|p ric
|a Texas A&M University
|b Rellis Campus
|c Joint Library Facility
|d Remote Storage
|t 0
|e LB1576.A1 E6
|h Library of Congress classification
|i unmediated -- volume
|k v.23
|l 1946
|m A14838889794
|
| 952 |
f |
f |
|p ric
|a Texas A&M University
|b Rellis Campus
|c Joint Library Facility
|d Remote Storage
|t 0
|e LB1576.A1 E6
|h Library of Congress classification
|i unmediated -- volume
|k v.5-6
|l 1928-1929
|m A14838889493
|
| 952 |
f |
f |
|p ric
|a Texas A&M University
|b Rellis Campus
|c Joint Library Facility
|d Remote Storage
|t 0
|e LB1576.A1 E6
|h Library of Congress classification
|i unmediated -- volume
|k v.11-12
|l 1934-1935
|m A14838889370
|
| 952 |
f |
f |
|p ric
|a Texas A&M University
|b Rellis Campus
|c Joint Library Facility
|d Remote Storage
|t 0
|e LB1576.A1 E6
|h Library of Congress classification
|i unmediated -- volume
|k v.21-22
|l 1944-1945
|m A14838889833
|
| 952 |
f |
f |
|p ric
|a Texas A&M University
|b Rellis Campus
|c Joint Library Facility
|d Remote Storage
|t 0
|e LB1576.A1 E6
|h Library of Congress classification
|i unmediated -- volume
|k v.17-18
|l 1940-1941
|m A14838889914
|
| 952 |
f |
f |
|p ric
|a Texas A&M University
|b Rellis Campus
|c Joint Library Facility
|d Remote Storage
|t 0
|e LB1576.A1 E6
|h Library of Congress classification
|i unmediated -- volume
|k v.13-14
|l 1936-1937
|m A14838889338
|
| 952 |
f |
f |
|p ric
|a Texas A&M University
|b Rellis Campus
|c Joint Library Facility
|d Remote Storage
|t 0
|e LB1576.A1 E6
|h Library of Congress classification
|i unmediated -- volume
|k v.19-20
|l 1942-1943
|m A14838889875
|
| 998 |
f |
f |
|a LB1576.A1 E6
|s v.1-23 (1924-1946)
|t 0
|l Remote Storage
|